000 01322nam a2200313Ia 4500
003 OSt
005 20221007123347.0
006 a|||||r|||| 00| 0
007 ta
008 221006b |||||||| |||| 00| 0 eng d
020 _a9810239181 (pbk)
_c
_ 54.00
024 _a9346
037 _bModern,
_cTextual
040 _aPAPL
_cPAPL
_beng
041 _2eng
_aeng
082 _aC9B, P0
100 _aLim Yung-Kuo Ed
110 _aUniversity of Science and Technology of China, The Physics Coaching Class^fComp
245 0 _aProblems and solutions on atomic, nuclear and particle physics comp by University of Science and Technology of China, The Physics Coaching Class. Ed by Lim Yung-kuo
260 _aSingapore
_bWorld Scientific
_c2000
300 _aix, 717p
_ccm.
490 _aMajor American Universities Ph.D. qualifying questions and solutions
500 _aIndex 709-717p; ^n23/CSL/C/2001-2002/52^dModern Educationals; ; 2002-03/69^b2002-07-03^c075^d2002-06-17^eRs.14,417.32^fModern Educationals; ; 2002-08-16^bSB^c2003-03-17^dRPS
650 _a Atomic and molecular
_9713510
650 _aPhysics
700 _aUniversity of Science and Technology of China, The Physics Coaching Class^fComp
942 _hC9B, P0
_cTEXL
_2CC
999 _c1211749
_d1211749